000 00714nam a2200217Ia 4500
003 GCL
008 140319s9999 xx 000 0 ara d
040 _aGCL /
_cGCL
082 0 4 _a323.11567
_bه ك
100 1 _aهرتيان, م . ا
245 1 0 _aكردستان تركيا بين الحربين /
_cهرتيان, م . ا
700 1 _aسعد الدين ملا
700 1 _aبافى نازى ( مترجم )
300 _a1920 ص
490 _aالمكتبة التقدمية الكردية
_v0
650 0 4 _aالاقليات الوطنية
650 0 4 _aتركيا - الاقليات
650 0 4 _aمؤتمر لوزان
650 0 4 _aالاكراد \ كردستان , الاكراد
942 _2ddc
_cBK
999 _c48459
_d48459